[Event "WchT 4th"]
[Site "Luzern"]
[Date "1997.10.26"]
[Round "2"]
[White "Ivanchuk, Vassily"]
[Black "Chiburdanidze, Maia"]
[Result "1-0"]
[WhiteElo "2725"]
[BlackElo "2525"]

1.Nf3 Nf6 2.c4 e6 3.g3 a6 4.d3 c5 5.Bg2 b5 6.e4 Bb7 7.e5 Ng4 8.O-O Ra7 9.d4 bxc4
10.Na3 Bd5 11.Ng5 Bxg2 12.Kxg2 h5 13.f3 Nh6 14.d5 Nf5 15.Nxc4 Nd4 16.Ne4 exd5
17.Ncd6+ Bxd6 18.Nxd6+ Kf8 19.b4 Nbc6 20.Be3 Ne6 21.Bxc5 Nxc5 22.bxc5 d4
23.Qb3 Qe7 24.Nc8 Qxc5 25.Rac1  1-0

[Event "WchT 4th"]
[Site "Luzern"]
[Date "1997.10.28"]
[Round "4"]
[White "Gulko, Boris F"]
[Black "Chiburdanidze, Maia"]
[Result "1/2-1/2"]
[WhiteElo "2580"]
[BlackElo "2525"]

1.c4 Nf6 2.Nc3 e6 3.e4 d5 4.e5 d4 5.exf6 dxc3 6.bxc3 Qxf6 7.Nf3 e5 8.Bd3 Bd6
9.O-O c6 10.Rb1 Na6 11.Re1 O-O 12.Nxe5 Bxe5 13.Qh5 Bxh2+ 14.Qxh2 Bf5 15.Bxf5 Qxf5
16.Ba3 Rfe8 17.Qh3 Qxh3 18.gxh3 b6 19.d4 c5 20.Rxe8+ Rxe8 21.dxc5 Nxc5 22.Bxc5 bxc5
23.Rb5 g6 24.Rxc5 Re1+ 25.Kg2 Rc1 26.Ra5 Rxc3 27.c5 Kg7 28.h4 h5 29.f3 Rc4
30.Kg3 Kf8 31.a3 a6 32.a4 Ke7 33.Rxa6 Rxc5 34.Rb6 f6 35.Ra6  1/2-1/2

[Event "WchT 4th"]
[Site "Luzern"]
[Date "1997.10.29"]
[Round "5"]
[White "Chiburdanidze, Maia"]
[Black "Adams, Michael"]
[Result "0-1"]
[WhiteElo "2525"]
[BlackElo "2680"]

1.d4 Nf6 2.c4 e6 3.Nc3 Bb4 4.e3 b6 5.Ne2 Ne4 6.Bd2 Nxd2 7.Qxd2 O-O 8.a3 Be7
9.Nf4 d6 10.Bd3 Nd7 11.Qc2 h6 12.Be4 Rb8 13.Nb5 Nf6 14.Nxa7 Nxe4 15.Nc6 Qe8
16.Nxb8 Bb7 17.d5 exd5 18.cxd5 Bg5 19.O-O Nf6 20.Nc6 Bxf4 21.exf4 Nxd5 22.Rac1 Nxf4
23.Rfe1 Qa8 24.Re4 Ng6 25.Ra4 Qc8 26.f4 Re8 27.Re4 Qd7 28.Qe2 Bxc6 29.Rxc6 Rxe4
30.Qxe4 Nxf4 31.b4 d5 32.Qc2 d4 33.Rxc7 d3 34.Qc4 Qg4 35.Rc8+ Kh7 36.Qe4+ g6
37.Qf3 Qxc8 38.Qxf4 Qd7 39.Qd2 Qd4+ 40.Qf2 Qd5 41.Qd2 Qb3 42.Qf2 Kg8  0-1

[Event "WchT 4th"]
[Site "Luzern"]
[Date "1997.10.31"]
[Round "7"]
[White "Akopian, Vladimir"]
[Black "Chiburdanidze, Maia"]
[Result "1/2-1/2"]
[WhiteElo "2660"]
[BlackElo "2525"]

1.Nf3 Nf6 2.c4 e6 3.g3 a6 4.Bg2 b5 5.b3 c5 6.O-O Bb7 7.Nc3 Qb6 8.e3 Be7 9.Qe2 Ne4
10.Nxe4 Bxe4 11.Bb2 O-O 12.d3 Bb7 13.d4 d6 14.dxc5 Qxc5 15.Bd4 Qh5 16.cxb5 axb5
17.Rfc1 Nc6 18.Bb2 Rfb8 19.e4 b4 20.Qe3 Qh6 21.Qxh6 gxh6 22.Nd2 Ne5 23.Bf1 Bf6
24.Bd4 Rc8 25.Rxc8+ Rxc8 26.f4 Ng4 27.Bxf6 Nxf6 28.e5 dxe5 29.fxe5 Nd7 30.Nc4 Bd5
31.a4 bxa3 32.Rxa3 Bxc4 33.Bxc4 Nxe5 34.Be2 Rc2 35.Kf1 Rb2 36.Ra8+ Kg7 37.Rb8 Nc6
38.Rb7 Kg6 39.Bd3+ Kf6 40.Bxh7 Rxh2 41.Be4 Nd4 42.Bg2 Rh5 43.b4 Re5 44.Rb8 h5
45.Ba8 Kf5 46.Kg2 Re2+ 47.Kh3 Rb2 48.Rh8 Kg5 49.Rg8+ Kf6 50.Rh8 Kg6 51.Rg8+ Kh7
52.Rb8 Rb3 53.Kh4 Kg6 54.g4 hxg4 55.Kxg4 Kf6 56.Kf4 Nc2 57.b5 Na3 58.Bc6 Rb4+
59.Ke3 Ke5 60.Ke2 Rb2+ 61.Kd3 Rb3+ 62.Kd2 Kd6 63.Rd8+ Kc5 64.Be8 f5 65.Bf7 Nc4+
66.Ke2 Re3+ 67.Kf2 Re4 68.Rc8+ Kxb5 69.Re8 e5 70.Bd5 Rf4+ 71.Kg3 Rg4+ 72.Kh3 e4
73.Be6 Rf4 74.Bxf5 Nd6 75.Re5+ Kc4 76.Be6+ Kc3 77.Rc5+ Kb4 78.Rc2 e3 79.Re2 Re4
80.Bd5 Re5 81.Bf3 Kc3 82.Ra2 Rg5 83.Ra3+ Kd2 84.Ra2+ Kc1 85.Ra1+ Kb2 86.Re1 Nc4
87.Be2 Nd2 88.Ba6 Re5 89.Kg3 Kc3 90.Rc1+ Kd4 91.Ra1 Ne4+ 92.Kf4 Nc3 93.Bf1 Re7
94.Kf3 Rf7+ 95.Kg4 Rf2 96.Kg3 Ke4 97.Ba6 Rf7 98.Bc4 Rg7+ 99.Kh4 Kd4 100.Be6 Ne4
101.Bc8 Nc3 102.Bg4 Ke4 103.Ra8 e2 104.Re8+ Kd3 105.Rd8+ Ke3 106.Re8+ Ne4
107.Rxe4+ Kxe4 108.Bxe2 Kf4 109.Kh5 Rg3 110.Kh6 Kf5 111.Kh7 Kf6 112.Bc4 Rg7+
113.Kh8 Kg6 114.Bd3+ Kh6 115.Bc4 Rc7 116.Bb3 Kg6 117.Ba2 Rb7 118.Bd5 Rb8+
119.Bg8 Kf6 120.Kh7  1/2-1/2

[Event "WchT 4th"]
[Site "Luzern"]
[Date "1997.11.01"]
[Round "8"]
[White "Chiburdanidze, Maia"]
[Black "Gallagher, Joseph G"]
[Result "1/2-1/2"]
[WhiteElo "2525"]
[BlackElo "2525"]

1.c4 g6 2.g3 Bg7 3.Bg2 d6 4.d4 Nf6 5.Nf3 O-O 6.O-O Nbd7 7.Qc2 e5 8.Rd1 Qe7
9.Nc3 c6 10.e4 exd4 11.Nxd4 Re8 12.b3 Nc5 13.f3 Nfd7 14.Nce2 a5 15.Bb2 Ne5
16.Nf4 Qc7 17.Bc3 Qb6  1/2-1/2

[Event "WchT 4th"]
[Site "Luzern"]
[Date "1997.11.02"]
[Round "9"]
[White "Bareev, Evgeny"]
[Black "Chiburdanidze, Maia"]
[Result "1-0"]
[WhiteElo "2670"]
[BlackElo "2525"]

1.c4 Nf6 2.Nc3 e6 3.e4 d5 4.e5 d4 5.exf6 dxc3 6.bxc3 Qxf6 7.Nf3 e5 8.Bd3 Bd6
9.O-O Nc6 10.Re1 O-O 11.Qc2 h6 12.Be4 Be6 13.Rb1 Rab8 14.d3 Bf5 15.d4 Bxe4
16.Qxe4 exd4 17.cxd4 b6 18.Bb2 Na5 19.Qc2 Qg6 20.Qa4 c5 21.d5 Qg4 22.Rbc1 Rbd8
23.h3 Qd7 24.Qc2 Rfe8 25.Nh4 Rxe1+ 26.Rxe1 Re8 27.Rxe8+ Qxe8 28.Kf1 Be5 29.Qe2 Nxc4
30.Bxe5 Nxe5 31.f4 Qd8 32.Qxe5 Qxh4 33.Qe8+ Kh7 34.Qe4+ f5 35.Qxf5+ Kg8 36.d6 Qd8
37.d7 c4 38.g4 c3 39.Ke2 b5 40.Qxb5 Kf7 41.Kd3  1-0

[Event "FIDE Candidates (Women)"]
[Site "Groningen"]
[Date "1997.12.09"]
[Round "1"]
[White "Ioseliani, Nana"]
[Black "Chiburdanidze, Maia"]
[Result "1/2-1/2"]
[WhiteElo "2520"]
[BlackElo "2525"]

1.d4 Nf6 2.c4 e6 3.Nc3 Bb4 4.e3 c5 5.Bd3 cxd4 6.exd4 d5 7.cxd5 Nxd5 8.Ne2 O-O
9.O-O Nc6 10.Nxd5 exd5 11.Be3 Bd6 12.Nc3 Be6 13.g3 Be7 14.Bc2 Rc8 15.f4 f5
16.Qf3 Na5 17.Rae1 Nc4 18.Bc1 Rc6 19.Ba4 Rb6 20.Bb3 Bf6 21.Qd3 Bf7 22.Na4  1/2-1/2

[Event "FIDE Candidates (Women)"]
[Site "Groningen"]
[Date "1997.12.11"]
[Round "3"]
[White "Chiburdanidze, Maia"]
[Black "Arakhamia, Ketevan"]
[Result "1/2-1/2"]
[WhiteElo "2525"]
[BlackElo "2430"]

1.d4 Nf6 2.c4 g6 3.g3 c6 4.Bg2 d5 5.cxd5 cxd5 6.Nc3 Bg7 7.Nf3 O-O 8.Ne5 e6
9.O-O Nfd7 10.f4 Nc6 11.e3 Ne7 12.g4 Nxe5 13.dxe5 f6 14.exf6 Bxf6 15.e4 dxe4
16.Nxe4 Qb6+ 17.Kh1 Bg7 18.a4 a5 19.Ra3 Nc6 20.Rh3 Nd4 21.b3 Bd7 22.Ba3 Rfc8
23.Rd3 Be8 24.Be7 Nc2 25.Bf6 Ne3 26.Rxe3 Qxe3 27.Bxg7 Kxg7 28.Qa1+ Kg8 29.Nf6+ Kf7
30.Nxh7 Qc3 31.Ng5+ Kg8 32.Qb1 Ra6 33.Bxb7 Bc6+ 34.Bxc6 Qxc6+ 35.Nf3 Qc2
36.Qe1 Qxb3 37.Qe4 Qc2 38.Qe5 Qxa4 39.Qf6 Qe8 40.Ne5 Rc2 41.Kg1 Ra7 42.Rd1 Rc8
43.Rd6 a4 44.Nxg6 Rg7 45.Rxe6 Qd7 46.Ne7+ Rxe7 47.Qxe7 Qd1+ 48.Kf2 Qxg4 49.Qg5+ Qxg5
50.fxg5 Ra8 51.Re2 a3 52.Ra2 Kg7 53.Ke3 Kg6  1/2-1/2

[Event "FIDE Candidates (Women)"]
[Site "Groningen"]
[Date "1997.12.12"]
[Round "4"]
[White "Cramling, Pia"]
[Black "Chiburdanidze, Maia"]
[Result "1/2-1/2"]
[WhiteElo "2520"]
[BlackElo "2525"]

1.d4 Nf6 2.c4 e6 3.Nf3 b6 4.g3 Ba6 5.Nbd2 Bb7 6.Bg2 c5 7.e4 cxd4 8.O-O d6
9.Nxd4 Nbd7 10.Re1 e5 11.Nb5 a6 12.Nc3 Be7 13.Nf1 Rc8 14.Ne3 O-O 15.a4 g6
16.b3 Nc5 17.Qc2 Re8 18.Ba3 Ne6 19.Qb1 Bf8 20.Rd1 Nd4 21.Nc2 b5 22.axb5 axb5
23.Nxd4 exd4 24.Nxb5 Bxe4 25.Bxe4 Nxe4 26.Bb2 Bg7 27.Qd3 d5 28.Bxd4 dxc4
29.bxc4 Bxd4 30.Qxd4 Qg5 31.Nd6 Nxd6 32.Qxd6 Rxc4 33.Ra7 Rce4 34.Qd5 Qf6
35.Ra8 Kg7  1/2-1/2

[Event "FIDE Candidates (Women)"]
[Site "Groningen"]
[Date "1997.12.14"]
[Round "5"]
[White "Chiburdanidze, Maia"]
[Black "Gurieli, Nino"]
[Result "1-0"]
[WhiteElo "2525"]
[BlackElo "2370"]

1.d4 Nf6 2.c4 g6 3.g3 Bg7 4.Bg2 d5 5.cxd5 Nxd5 6.e4 Nb6 7.Ne2 c5 8.d5 e6
9.O-O exd5 10.exd5 O-O 11.Nbc3 Na6 12.d6 Nb4 13.Be3 c4 14.a4 Bf5 15.a5 Nc8
16.a6 Nxd6 17.axb7 Rb8 18.Bxa7 Nxb7 19.Qxd8 Rfxd8 20.Ra4 Nc2 21.Bxb8 Rxb8
22.Rxc4 Bd3 23.Rc7 Bxc3 24.Rxc3 Bxe2 25.Rc1  1-0

[Event "FIDE Candidates (Women)"]
[Site "Groningen"]
[Date "1997.12.17"]
[Round "8"]
[White "Chiburdanidze, Maia"]
[Black "Galliamova, Alisa"]
[Result "1/2-1/2"]
[WhiteElo "2525"]
[BlackElo "2445"]

1.d4 d5 2.c4 c6 3.Nf3 Nf6 4.Nc3 e6 5.Bg5 h6 6.Bh4 dxc4 7.e4 g5 8.Bg3 b5 9.Be2 b4
10.Na4 Nxe4 11.Be5 Nf6 12.Bxc4 Nbd7 13.O-O g4 14.Nd2 Nxe5 15.dxe5 Nd7 16.Qxg4 Nxe5
17.Qe4 Nxc4 18.Nxc4 Qd5 19.Qf4 Ba6 20.Ne5 O-O-O 21.Nxc6 Bd6 22.Qc1 Kd7 23.Nxd8 Bxf1
24.Qxf1 Rxd8 25.b3 Ke7 26.Rc1 Qd2 27.Qe1 Bf4 28.Qxd2 Rxd2 29.g3 Bd6 30.Rc8 Rxa2
31.Ra8 Kf6 32.Rxa7 Bc5 33.Rb7 Bxf2+ 34.Kh1 Bd4 35.Rxb4 e5 36.Rc4 Kf5 37.Nc3 Rb2
38.Nb5 Ke4 39.Rc1 Kf3 40.Rf1+ Bf2 41.Nc3 Rxb3 42.Nd1 Ke2 43.Rxf2+ Kxd1 44.Rf1+ Kd2
45.Rxf7 e4 46.Kg2 e3 47.Re7 Rd3 48.g4 Rd8 49.Kf3 Rf8+ 50.Kg2 Rf4 51.Ra7 e2
52.Ra2+ Kd1  1/2-1/2

[Event "FIDE Candidates (Women)"]
[Site "Groningen"]
[Date "1997.12.20"]
[Round "10"]
[White "Chiburdanidze, Maia"]
[Black "Ioseliani, Nana"]
[Result "1/2-1/2"]
[WhiteElo "2525"]
[BlackElo "2520"]

1.d4 d5 2.c4 c6 3.Nf3 e6 4.e3 f5 5.Be2 Nf6 6.O-O Bd6 7.b3 Qe7 8.a4 a5 9.Ba3 Bxa3
10.Nxa3 O-O 11.Qc2 Nbd7 12.Ne5 Nxe5 13.dxe5 Nd7 14.Qc3 Nc5 15.f3 b6 16.Nc2 Qc7
17.Rfb1 Bd7 18.Ne1 Kh8  1/2-1/2

[Event "FIDE Candidates (Women)"]
[Site "Groningen"]
[Date "1997.12.21"]
[Round "11"]
[White "Chiburdanidze, Maia"]
[Black "Xie Jun"]
[Result "1/2-1/2"]
[WhiteElo "2525"]
[BlackElo "2495"]

1.d4 Nf6 2.c4 g6 3.g3 c6 4.Bg2 d5 5.cxd5 cxd5 6.Nf3 Bg7 7.Ne5 O-O 8.Nc3 e6
9.O-O Nfd7 10.f4 Nc6 11.Be3 f6 12.Nf3 Nb6 13.b3 Bd7 14.Bc1 f5 15.Ba3 Re8
16.Qd2 Nc8 17.e3 Qa5 18.Qb2 Nb4 19.Ne5 Nb6 20.Rfc1 Rec8 21.Bxb4 Qxb4 22.Nxd7 Nxd7
23.a3 Qe7 24.Bf1 g5  1/2-1/2

[Event "FIDE Candidates (Women)"]
[Site "Groningen"]
[Date "1997.12.22"]
[Round "12"]
[White "Arakhamia, Ketevan"]
[Black "Chiburdanidze, Maia"]
[Result "1-0"]
[WhiteElo "2430"]
[BlackElo "2525"]

1.e4 c6 2.d4 d5 3.Nd2 dxe4 4.Nxe4 Bf5 5.Nc5 b6 6.Nb3 Nf6 7.Nf3 e6 8.g3 Nbd7
9.Bg2 Qc7 10.O-O Rd8 11.Qe2 Bd6 12.c4 O-O 13.Bg5 c5 14.Rad1 h6 15.dxc5 bxc5
16.Bd2 e5 17.Ba5 Nb6 18.Nbd2 Rfe8 19.Nh4 Bg4 20.f3 Be6 21.Bh1 Nfd7 22.b3 Nb8
23.Bc3 Nc6 24.g4 Nd4 25.Qf2 Rf8 26.Ne4 Be7 27.Bd2 Nc8 28.Nc3 Bg5 29.Bxg5 hxg5
30.Ng2 Ne7 31.h4 gxh4 32.Qxh4 f6 33.Qh2 Ng6 34.Qh5 Kf7 35.Nh4 Rh8 36.Qxg6+ Kf8
37.Ng2 e4 38.Qxe4 Rh3 39.Nf4 Bxg4 40.fxg4 Rxc3 41.Rxd4  1-0

[Event "FIDE Candidates (Women)"]
[Site "Groningen"]
[Date "1997.12.24"]
[Round "14"]
[White "Gurieli, Nino"]
[Black "Chiburdanidze, Maia"]
[Result "0-1"]
[WhiteElo "2370"]
[BlackElo "2525"]

1.e4 c6 2.d4 d5 3.exd5 cxd5 4.c4 Nf6 5.Nc3 e6 6.Nf3 Bb4 7.Bd3 dxc4 8.Bxc4 O-O
9.O-O b6 10.Bg5 Bb7 11.Re1 Nc6 12.a3 Be7 13.Qd3 Rc8 14.Rad1 g6 15.Bh6 Re8
16.Ng5 Bf8 17.Qh3 Bxh6 18.Qxh6 Nxd4 19.Bb5 Rf8 20.Ba6 Bxa6 21.Nce4 Re8 22.Nxf6+ Qxf6
23.Qxh7+ Kf8 24.Qh4 Ke7 25.Rxd4 Rc5  0-1

[Event "FIDE Candidates (Women)"]
[Site "Groningen"]
[Date "1997.12.27"]
[Round "16"]
[White "Maric, Alisa"]
[Black "Chiburdanidze, Maia"]
[Result "1/2-1/2"]
[WhiteElo "2460"]
[BlackElo "2525"]

1.d4 Nf6 2.Nf3 e6 3.c4 b6 4.g3 Ba6 5.b3 Bb4+ 6.Bd2 Be7 7.Bg2 Bb7 8.Nc3 d5
9.cxd5 exd5 10.O-O O-O 11.Ne5 Nbd7 12.Rc1 Re8 13.Nb5 c5 14.Bf4 Nh5 15.Bh3 Nxe5
16.Bxe5 Bf8 17.Bg4 Nf6 18.Bc7 Qe7 19.Bd6 Qd8 20.Bc7 Qe7 21.Bd6  1/2-1/2

[Event "RUS-Cup5"]
[Site "Ekaterinburg"]
[Date "1997.??.??"]
[Round "1"]
[White "Smirnov, Pavel"]
[Black "Chiburdanidze, Maia"]
[Result "0-1"]
[WhiteElo "2345"]
[BlackElo "2535"]

1.e4 c6 2.d4 d5 3.e5 Bf5 4.Nc3 e6 5.g4 Bg6 6.Nge2 Ne7 7.Nf4 c5 8.dxc5 Nbc6
9.h4 d4 10.h5 Bxc2 11.Qxc2 dxc3 12.Qxc3 Qd4 13.Qxd4 Nxd4 14.Bg2 Nec6 15.O-O Bxc5
16.b4 Bxb4 17.Rb1 Rd8 18.Nd3 Bc3 19.Nc5 b5 20.Bg5 Rc8 21.Ne4 Ne2+ 22.Kh1 Bxe5
23.f4 Bb8 24.h6 O-O 25.hxg7 Kxg7 26.Bf6+ Kg8 27.Rxb5 Bxf4 28.Rh5 e5 29.Rf2 Ncd4
30.Bf1 Rc1 31.Kg2 Rfc8 32.Ng5 R8c6 33.Nxh7 Ng3 34.Rh3 Ne4 35.Rxf4 R6c2+ 36.Kg1 Ne2+
37.Kh1 Nxf4 38.Rf3 Kxh7  0-1

[Event "RUS-Cup5"]
[Site "Ekaterinburg"]
[Date "1997.??.??"]
[Round "2"]
[White "Chiburdanidze, Maia"]
[Black "Kalichkin, Igor"]
[Result "1/2-1/2"]
[WhiteElo "2535"]
[BlackElo "2425"]

1.d4 d5 2.c4 dxc4 3.Nf3 Nf6 4.e3 e6 5.Bxc4 c5 6.Qe2 a6 7.dxc5 Bxc5 8.e4 b5
9.Bb3 Bb7 10.Nbd2 Nbd7 11.O-O Qc7 12.a4 O-O 13.Ne1 Ne5  1/2-1/2

[Event "RUS-Cup5"]
[Site "Ekaterinburg"]
[Date "1997.??.??"]
[Round "4"]
[White "Chiburdanidze, Maia"]
[Black "Akhmadeev, Vadim"]
[Result "1/2-1/2"]
[WhiteElo "2535"]
[BlackElo "2450"]

1.d4 Nf6 2.c4 e6 3.Nc3 d5 4.Bg5 Be7 5.e3 h6 6.Bh4 O-O 7.Nf3 b6 8.Rc1 Bb7
9.Bd3 dxc4 10.Bxc4 Nbd7 11.O-O c5 12.Qe2 cxd4 13.Nxd4 a6 14.Rfd1 Qe8 15.a3 Nc5
16.f3 b5 17.Ba2 Ncd7 18.Bb1 g6 19.Na2 Rc8 20.Nb4 Nc5 21.Ba2 Nfd7 22.Bg3 Kh7
23.e4 Rg8 24.Rc2 Bf6 25.Bd6 Be5 26.Bxe5 Nxe5 27.Rdc1 Qe7 28.Qe3 Ned7 29.Nb3 Nxb3
30.Bxb3 Rxc2 31.Rxc2 Rc8  1/2-1/2

[Event "RUS-Cup5"]
[Site "Ekaterinburg"]
[Date "1997.??.??"]
[Round "5"]
[White "Beshukov, Sergei"]
[Black "Chiburdanidze, Maia"]
[Result "1/2-1/2"]
[WhiteElo "2435"]
[BlackElo "2535"]

1.e4 c5 2.Nf3 d6 3.d4 cxd4 4.Nxd4 Nf6 5.Nc3 Nc6 6.Be2 e5 7.Nf3 h6 8.O-O Be7
9.Re1 O-O 10.h3 Be6 11.Bf1 Nb8 12.Nb1 Qc7 13.b3 Qc6 14.Qe2 b5 15.Qxb5 Qxc2
16.Na3 Qc7 17.Bb2 a6 18.Qe2 Nbd7 19.Nc4 Nc5 20.Nfd2 a5 21.Rac1 Rfc8 22.g3 Qb7
23.Bc3 a4 24.Na5 Qd7 25.b4 Na6 26.Ndc4 Rcb8 27.a3 Bxh3 28.Bxh3 Qxh3 29.Nc6 Rb7
30.Nxe7+ Rxe7 31.Nxd6 Re6 32.Nc4 Ng4 33.f3 Rc8 34.Bd2 Rec6 35.b5 Rxc4 36.Rxc4 Rxc4
37.bxa6 Rc1 38.fxg4 Qxg3+ 39.Kf1 Rc6 40.Qg2 Qd3+ 41.Kg1 Rxa6 42.Re3 Qd4 43.Qe2 Rg6  1/2-1/2

[Event "RUS-Cup5"]
[Site "Ekaterinburg"]
[Date "1997.??.??"]
[Round "6"]
[White "Chiburdanidze, Maia"]
[Black "Egorov, Evgeni"]
[Result "1/2-1/2"]
[WhiteElo "2535"]
[BlackElo "2375"]

1.d4 d5 2.c4 Nc6 3.cxd5 Qxd5 4.e3 e5 5.Nc3 Bb4 6.Bd2 Bxc3 7.bxc3 Qd6 8.Qb1 Nf6
9.Bd3 O-O 10.Ne2 Re8 11.Ng3 exd4 12.cxd4 Qxd4 13.O-O Qb6 14.Qc2 Ne5 15.Be2 Qc6
16.Qb2 Qb6 17.Qc2 Qc6 18.Qb2 Nd5 19.Bb5 Qf6 20.Qc1 c6 21.Be2 Ng6 22.Rb1 a5
23.f4 Qd8 24.e4 Nf6 25.Bf3 Nh4 26.Be3 Nxf3+ 27.gxf3 Re7 28.Bb6 Qe8 29.Qc3 Bh3
30.Rfd1 Nd7 31.Bc7 Nf8 32.Bd6 Rd7 33.f5 Rad8 34.Qc5 f6 35.Rd2 g6 36.Kf2 Qf7
37.Rbd1 h5 38.Qxa5 h4 39.Ne2 gxf5 40.Nf4 fxe4 41.Bxf8 Rxd2+ 42.Rxd2 e3+ 43.Kxe3 Rxf8
44.Rd1 Re8+ 45.Kf2 b6 46.Qa4 Bf5 47.Qxc6 Rc8 48.Qxb6 Qxa2+  1/2-1/2

[Event "RUS-Cup5"]
[Site "Ekaterinburg"]
[Date "1997.??.??"]
[Round "7"]
[White "Sadvakasov, Darmen"]
[Black "Chiburdanidze, Maia"]
[Result "1/2-1/2"]
[WhiteElo "2405"]
[BlackElo "2535"]

1.e4 c6 2.d4 d5 3.exd5 cxd5 4.c4 Nf6 5.Nc3 e6 6.Nf3 Bb4 7.Bd3 dxc4 8.Bxc4 O-O
9.O-O b6 10.Bg5 Bb7 11.Re1 Nc6 12.a3 Bxc3 13.bxc3 Ne7 14.Qd3 Ng6 15.Ne5 Qc7
16.Bb3 Rac8 17.c4 Rfd8 18.Nxg6 hxg6 19.d5 b5 20.cxb5 Bxd5 21.Rac1 Qb7 22.Rxc8 Rxc8
23.Bxf6 gxf6 24.Bxd5 Qxd5 25.Qxd5  1/2-1/2

[Event "RUS-Cup5"]
[Site "Ekaterinburg"]
[Date "1997.??.??"]
[Round "9"]
[White "Ovetchkin, Roman"]
[Black "Chiburdanidze, Maia"]
[Result "1-0"]
[WhiteElo "2495"]
[BlackElo "2535"]

1.e4 c5 2.Nf3 d6 3.c3 Nf6 4.h3 g6 5.Bd3 Bg7 6.Bc2 O-O 7.O-O e5 8.d4 exd4
9.cxd4 Nc6 10.dxc5 dxc5 11.Nc3 Be6 12.Be3 Qa5 13.Qd6 Nb4 14.Bb1 Rac8 15.Qf4 Nd7
16.Qh4 f6 17.e5 Qd8 18.Rd1 f5 19.Bg5 Qe8 20.Bh6 Nc6 21.Ng5 Bxh6 22.Qxh6 Qe7
23.Nxe6 Qxe6 24.Rd6 Qe8 25.f4 Nb6 26.a3 Rc7 27.Ba2+ Kh8 28.Rxg6 Nd4 29.Re1 c4
30.Re3 Qe7 31.Rd6 Rc6 32.Rxc6 bxc6 33.Kh2 Rg8 34.Rg3 Rb8 35.Rg5 Nd5 36.Bxc4 Nf6
37.Qxf6+ Qxf6 38.exf6 Rf8 39.f7  1-0

[Event "Keres mem rapid"]
[Site "Kalev"]
[Date "1997.??.??"]
[Round "1"]
[White "Chiburdanidze, Maia"]
[Black "Oll, Lembit"]
[Result "1-0"]
[WhiteElo "2535"]
[BlackElo "2625"]

1.d4 Nf6 2.c4 e6 3.Nc3 Bb4 4.e3 c5 5.Ne2 cxd4 6.exd4 d5 7.a3 Be7 8.Nf4 dxc4
9.Bxc4 O-O 10.O-O Nc6 11.Be3 Bd6 12.Nh5 Bd7 13.Ba2 Rc8 14.Qf3 Nxh5 15.Qxh5 g6
16.Qh6 Ne7 17.g4 Nd5 18.Nxd5 exd5 19.Bxd5 Bb5 20.Bg5 Bxh2+ 21.Kxh2 Qd6+ 22.Kg1 Bxf1
23.Rxf1 Rce8 24.Rd1 Re2 25.Bxb7 Rxb2 26.Bf3 Rb3 27.Kg2 Re8 28.Rh1  1-0

[Event "Keres mem rapid"]
[Site "Kalev"]
[Date "1997.??.??"]
[Round "5"]
[White "Ehlvest, Jaan"]
[Black "Chiburdanidze, Maia"]
[Result "1-0"]
[WhiteElo "2635"]
[BlackElo "2535"]

1.d4 Nf6 2.c4 e6 3.Nc3 Bb4 4.Nf3 b6 5.e3 Bb7 6.Bd3 Ne4 7.O-O Nxc3 8.bxc3 Be7
9.e4 d6 10.Be3 O-O 11.Nd2 e5 12.f4 Nd7 13.Nf3 f5 14.Nd2 exf4 15.Bxf4 g5 16.Bg3 f4
17.Bf2 Nf6 18.c5 Qd7 19.cxd6 cxd6 20.h3 g4 21.Bh4 gxh3 22.Rxf4 Kh8 23.Qf3 Rg8
24.g3 Ne8 25.Rf7 Rg7 26.Bxe7 Rxf7 27.Qxf7 Ng7 28.Rf1 h5 29.Bf8 Qxf7 30.Rxf7 Ne6
31.Be7 Rg8 32.Kh2  1-0

[Event "Keres mem rapid"]
[Site "Kalev"]
[Date "1997.??.??"]
[Round "7"]
[White "Andersson, Ulf"]
[Black "Chiburdanidze, Maia"]
[Result "1/2-1/2"]
[WhiteElo "2655"]
[BlackElo "2535"]

1.d4 Nf6 2.Nf3 e6 3.g3 b5 4.Bg2 Bb7 5.O-O c5 6.Na3 a6 7.c4 b4 8.Nc2 cxd4
9.Ncxd4 Be7 10.b3 O-O 11.a3 bxa3 12.Bxa3 Bxa3 13.Rxa3 Qb6 14.Qd2 Nc6 15.Rfa1 Ne4
16.Qe3 Nc5 17.Nc2 Nb4 18.Nxb4 Qxb4 19.Qd2 Qxd2 20.Nxd2 Bxg2 21.Kxg2 Rfb8
22.Kf3 Rb6 23.Ke3 Rab8 24.Kd4 Nxb3+ 25.Nxb3 Rxb3 26.Rxb3 Rxb3 27.Rxa6 Kf8  1/2-1/2

[Event "Keres mem rapid"]
[Site "Kalev"]
[Date "1997.??.??"]
[Round "8"]
[White "Chiburdanidze, Maia"]
[Black "Krivonosov, Oleg"]
[Result "1/2-1/2"]
[WhiteElo "2535"]
[BlackElo "2420"]

1.d4 d5 2.c4 e6 3.Nc3 Nf6 4.Bg5 Be7 5.e3 h6 6.Bh4 O-O 7.Nf3 Ne4 8.Bxe7 Qxe7
9.Qc2 c6 10.Bd3 Nxc3 11.Qxc3 dxc4 12.Bxc4 Nd7 13.Be2 c5 14.Rc1 b6 15.Bb5 Bb7
16.Bxd7 Qxd7 17.dxc5 bxc5 18.b3 Rfd8 19.Ne5 Qd5 20.f3 Ba6 21.Kf2 Qd2+ 22.Kg3 f6
23.Qxd2 Rxd2 24.Nc6 Rxa2 25.Rxc5 Ra3 26.Rb1 Kh7 27.Nd4 e5 28.Nc2 Ra2 29.Nb4 Ra3
30.Rc7 Bb5 31.Nd5 Rf8 32.e4 Bd3 33.Rb2 a5 34.Ra7 f5 35.exf5 Bxf5 36.Re2 e4  1/2-1/2

[Event "Keres mem rapid"]
[Site "Kalev"]
[Date "1997.??.??"]
[Round "9"]
[White "Gavrikov, Viktor"]
[Black "Chiburdanidze, Maia"]
[Result "1/2-1/2"]
[WhiteElo "2590"]
[BlackElo "2535"]

1.Nf3 Nf6 2.c4 e6 3.d4 Bb4+ 4.Bd2 Qe7 5.g3 Nc6 6.Nc3 O-O 7.Bg2 d6 8.O-O Bxc3
9.Bxc3 Ne4 10.Rc1 Nxc3 11.Rxc3 e5 12.d5 Nb8 13.Nd2 f5 14.f4 exf4 15.gxf4 Nd7
16.Nb3 Nf6 17.Nd4 Bd7 18.Qc2 Rae8 19.h3 Nh5 20.Qd2 Rf6 21.Kh2 Rh6 22.Ra3 a6
23.Rb3 Bc8 24.e3 Nf6 25.Kg1 Kh8 26.Qc2 Ne4 27.Rd3 Rg6 28.Rf3 Qh4 29.Rd1 Rg3
30.Rxg3 Qxg3 31.Qe2 g5 32.Rf1 gxf4 33.Rf3 Qg7 34.Rxf4 Rg8 35.Kh2 Qg3+ 36.Kh1 Qxf4
37.exf4 Ng3+ 38.Kg1 Nxe2+ 39.Nxe2 Kg7 40.Kf2 Bd7 41.Nd4 Kf6 42.Bf3 Rc8 43.Ke3 Rb8
44.b3 b5 45.cxb5 axb5 46.Nc2 b4 47.h4 Rb6 48.Kd4 Bc8 49.Kc4 Ba6+ 50.Kd4 Rb8
51.Ke3 Re8+ 52.Kd2 Ra8 53.Ke3  1/2-1/2

[Event "Lippstadt"]
[Site "Lippstadt"]
[Date "1997.??.??"]
[Round "1"]
[White "Slobodjan, Roman"]
[Black "Chiburdanidze, Maia"]
[Result "1-0"]
[WhiteElo "2560"]
[BlackElo "2525"]

1.e4 d5 2.exd5 Nf6 3.Nf3 Nxd5 4.d4 g6 5.c4 Nb6 6.Be3 Bg7 7.Nc3 O-O 8.h3 Nc6
9.Be2 e5 10.d5 Ne7 11.O-O Nf5 12.Bg5 f6 13.Bd2 c6 14.Qb3 Nd4 15.Nxd4 exd4
16.Na4 cxd5 17.Nxb6 Qxb6 18.Qxb6 axb6 19.cxd5 Bd7 20.Bc4 Rfc8 21.Rac1 f5
22.Rfe1 Bf6 23.Bh6 Be8 24.Re6 Bg7 25.Bxg7 Kxg7 26.Rxb6 d3 27.b3 d2 28.Rd1 Rxa2
29.Rxb7+ Kf6 30.Kf1 Ba4 31.Ke2 Rxc4 32.bxc4 Bxd1+ 33.Kxd1 Ke5 34.Re7+ Kd4
35.d6 f4 36.d7 Kc3 37.d8=Q Ra1+ 38.Ke2 Re1+ 39.Kf3 Rxe7 40.Qxe7 d1=Q+ 41.Qe2 Qd6
42.Qe4 g5 43.Kg4 h6 44.Kh5 Qb6 45.Qd5 Qxf2 46.Qf3+ Qe3 47.Kxh6 g4 48.hxg4 Kxc4
49.Qc6+ Kd4 50.g5 Qg3 51.Qf3 Qh4+ 52.Kg6 Ke5 53.Qe2+ Kd5 54.Kf5 Qh7+ 55.Kxf4 Qc7+
56.Kf3 Qf7+ 57.Kg4 Qd7+ 58.Kg3 Qc7+ 59.Kf2 Kd6 60.Qd3+ Ke6 61.Qe4+  1-0

[Event "Lippstadt"]
[Site "Lippstadt"]
[Date "1997.??.??"]
[Round "2"]
[White "Chiburdanidze, Maia"]
[Black "Hansen, Sune Berg"]
[Result "1-0"]
[WhiteElo "2525"]
[BlackElo "2495"]

1.d4 Nf6 2.c4 e6 3.Nc3 Bb4 4.e3 O-O 5.Bd3 c5 6.Ne2 d5 7.cxd5 cxd4 8.exd4 Nxd5
9.O-O Nc6 10.Nxd5 exd5 11.Nf4 Bd6 12.Re1 Qf6 13.Nxd5 Qxd4 14.Be3 Qh4 15.g3 Qd8
16.Qc2 h6 17.Rad1 Bg4 18.Be2 Bxe2 19.Rxe2 Re8 20.Qb3 Qb8 21.Red2 Re6 22.Nf4 Rf6
23.Nh5 Rg6 24.f4 Ne7 25.Qb5 Re6 26.Bd4 a6 27.Qd3 Rg6 28.Bxg7 Bxf4 29.Qd8+ Kh7
30.Qxe7 Bxd2 31.Bd4 Qe8 32.Qxe8 Rxe8 33.Rxd2 Rd8 34.Bc3 Rxd2 35.Bxd2 Rd6
36.Bc3 Kg6 37.Nf4+ Kf5 38.Kf2 Ke4 39.Ke2 Rd7 40.Nh3 Rc7 41.Nf2+ Kf5 42.Kf3 h5
43.Nd3 Rc4 44.Nf4 h4 45.Ng2  1-0

[Event "Lippstadt"]
[Site "Lippstadt"]
[Date "1997.??.??"]
[Round "3"]
[White "Wehmeier, Stefan"]
[Black "Chiburdanidze, Maia"]
[Result "1/2-1/2"]
[WhiteElo "2395"]
[BlackElo "2525"]

1.e4 d5 2.exd5 Nf6 3.d4 Nxd5 4.c4 Nb6 5.Nf3 g6 6.Be2 Bg7 7.Nc3 O-O 8.Be3 Nc6
9.d5 Ne5 10.Nxe5 Bxe5 11.Bd4 Bf4 12.O-O c6 13.Qb3 Qc7 14.g3 Bh6 15.Bf3 Bf5
16.c5 Nxd5 17.Bxd5 cxd5 18.Nxd5 Qd7 19.Bf6 Rfe8 20.Bxe7 Bg7 21.Bf6 Be4 22.Rad1 Qh3
23.Nf4 Qf5 24.Bxg7 Kxg7 25.Qc3+ f6 26.Rd6 Re5 27.b4 Rae8 28.f3 Bc6 29.Qd4 R8e7
30.h4 h5 31.Rf2 Re3 32.Kg2 R7e5 33.a4 Bxa4 34.Nd5 Rd3 35.Ne7 Rxd4 36.Nxf5+ Rxf5
37.Rxd4 Bc6 38.g4 hxg4 39.Rxg4 Re5 40.Kg3 a5 41.f4 Re3+ 42.Kh2 axb4 43.f5 g5
44.hxg5 fxg5 45.f6+ Kf7 46.Rxg5 Rf3 47.Rxf3 Bxf3 48.Kg3 Bc6 49.Kf4 Kxf6 50.Rf5+ Ke6
51.Re5+ Kd7 52.Ke3 b3 53.Kd3 Kc7 54.Re7+ Kb8 55.Kc3 Bd5 56.Re5 Bf7 57.Re2 Bd5
58.Rd2 Be6 59.Rd6 Bf7 60.Rf6 Bd5 61.Kd4 b2 62.Rb6 Bc6 63.Rxb2 Kc7 64.Rh2 Bf3
65.Kc4 Be4 66.Re2 Bf3 67.Re7+ Kc6 68.Re6+ Kc7 69.Kb5 Bg4 70.Re7+ Bd7+ 71.Kc4 Kc6
72.Rh7 Be6+ 73.Kd4 Bb3 74.Rh2 Bg8 75.Rh6+ Kc7 76.Kc3 Bd5 77.Kb4 Bf3 78.Rf6 Be2
79.Kc3 Bb5 80.Kd4 Ba4 81.Kc4 Bd1 82.Rf2 Kc6 83.Rg2 Bf3 84.Rg6+ Kc7 85.Rg3 Be4
86.Re3 Bg2 87.Rg3 Be4 88.Rg4 Bc2 89.Rf4 Bd1 90.Re4 Bc2 91.Re6 Ba4 92.Re7+ Kc6
93.Kb4 Bc2 94.Re6+ Kc7 95.Rd6 Bf5 96.Kb5 Bd7+ 97.Kc4 Ba4 98.Rg6 Bc2 99.Rg8 Ba4
100.Rg3 Kc6  1/2-1/2